000
00515nam a2200133Ia 4500
008
191206s9999 xx 000 0 und d
020
_a
600354644
090
_a
QE31.B4713
245
0
_a
new Larousse encyclopedia of the earth
260
_a
Hamlyn
260
_c
c1972
300
_a
"425 p. illus. (some col.), maps. 30 cm."
999
_c
16553
_d
16553